000 00755 a2200205 4500
001 60186
005 20260407155853.0
008 260407a1961 arg spa d
003 AR-UNSa-BCEJYS
040 _aAR-UNSa-BCEJYS
_bspa
_cAR-UNSa-BCEJYS
080 _a342.4
_xConstituciones. Asambleas legislativas. Asambleas nacionales (Reforma...)
245 1 0 _aLas constituciones vigentes
264 1 _aBuenos Aires :
_bPerrot
_c1961
300 _a2 v. (634 ; 574 p.)
_c24 cm.
505 _aTomo I: Constituciones de América - Tomo II: Constituciones de Europa - Tomo III: Constituciones de Asia - Tomo IV: Constituciones de África y Oceanía
041 _aspa
942 _cBK
590 _aniveau_biblio:m niveau_hierar:0
100 1 _aOvidio Zavala, Juan
999 _c6896
_d6896